Library Banner

Your health (Record no. 15061)

MARC details
000 -LEADER
fixed length control field 00366nam a2200169Ia 4500
001 - CONTROL NUMBER
control field 14470
008 - FIXED-LENGTH DATA ELEMENTS--GENERAL INFORMATION
fixed length control field 140402s9999 xx 000 0 und d
020 ## - INTERNATIONAL STANDARD BOOK NUMBER
International Standard Book Number 0-13-977166-2
040 ## - CATALOGING SOURCE
Transcribing agency PK-LaUMT
082 ## - DEWEY DECIMAL CLASSIFICATION NUMBER
Classification number 613
Item number LUC-Y
100 ## - MAIN ENTRY--PERSONAL NAME
Personal name Luckmann, Joan
245 ## - TITLE STATEMENT
Title Your health
Statement of responsibility, etc Luckmann, Joan
260 ## - PUBLICATION, DISTRIBUTION, ETC. (IMPRINT)
Date of publication, distribution, etc 1990
300 ## - PHYSICAL DESCRIPTION
Extent 584 p.
546 ## - LANGUAGE NOTE
Language note EN
942 ## - ADDED ENTRY ELEMENTS (KOHA)
Koha item type Books
Holdings
Withdrawn status Lost status Damaged status Not for loan Home library Current library Date acquired Total Checkouts Full call number Barcode Date last seen Price effective from Koha item type
        UMT Main Campus UMT Main Campus 2014-04-02   613 LUC-Y 16642 2014-04-21 2014-04-21 Books